| 000 | 00709nam a22002297a 4500 | ||
|---|---|---|---|
| 001 | 36643 | ||
| 003 | BD-RjUL | ||
| 005 | 20211209052520.0 | ||
| 008 | 140805s1994 ii ||||| b||| 00| 0 eng d | ||
| 035 | _a(BD-RjUL)36744 | ||
| 040 |
_aBD-RjUL _beng _cBD-RjUL |
||
| 041 | _aeng | ||
| 082 |
_220 _a333.9117 _bNEW 1994 |
||
| 245 |
_aNew dimensions in water environment and ecology / _cedited by R.K. Gurjar. _nVol. III |
||
| 260 |
_aJaipur, India : _bPrintwell, _c1994. |
||
| 300 |
_a217 p. ; _c 22 cm. |
||
| 504 | _aIncludes bibliographical references | ||
| 650 |
_aWater resources development. _9111730 |
||
| 650 |
_aWater-supply _xManagement. _922490 |
||
| 700 |
_aGurjar, R.K. _9111731 |
||
| 942 |
_2ddc _cBK |
||
| 999 |
_c36643 _d36643 |
||